• 首页
  • 本馆介绍
  • 公告通知
  • 最新文献
  • 馆藏检索
  • 电子资源
  • 读者导购
  • 参考咨询
  • 我的图书馆
  • 登录
  • 详细信息显示
  • 放入我的书架
  • 预约/预借图书
  • 作者相关作品
  • 分类相关作品
  • 丛书相关作品
  • 出版社相关作品

书目信息

  • 表格格式
  • 工作单格式
  • 卡片格式
题名:
假如给我三天光明
    
 
作者: 凯勒 著 ;梦华 译
分册:  
出版信息: 长春   吉林文史出版社  2018重印
页数: 248页
开本: 22cm
丛书名: 经典阅读
单 册:
中图分类: K837.125.6
科图分类:
主题词: 女作家--Nv Zuo jia--自传--美国--现代
电子资源:
ISBN: 978-7-5472-4214-8
000 01161nam 2200289 45
001 012001011045
005 20140105082719.0
010    @a978-7-5472-4214-8@b精装@dCNY45.00
099    @aCAL 012017174805
100    @a20171211d2017 em y0chiy50 ea
101 1  @achi@ceng
102    @aCN@b220000
105    @aac z 000ya
106    @ar
200 1  @a假如给我三天光明@AJia Ru Gei Wo San Tian Guang Ming@f(美) 海伦·凯勒著@g梦华译
210    @a长春@c吉林文史出版社@d2018重印
215    @a248页@c图, 肖像@d22cm
225 2  @a经典阅读@AJing Dian Yue Du
330    @a《假如给我三天光明》本书的前半部分主要写了海伦变成盲聋人后的生活,后半部分则介绍了海伦的求学生涯。同时也介绍她体会不同的丰富多彩的生活以及她的慈善活动等等。她以一个身残志坚的柔弱女子的视角,告诫身体健全的人们应珍惜生命,珍惜造物主赐予的一切。
410  0 @12001 @a经典阅读
600  1 @a凯勒@AKai Le@g(Keller, Helen),@f1880-1968@x自传
606 0  @a女作家@ANv Zuo jia@x自传@y美国@z现代
690    @aK837.125.6@v4
701  1 @a凯勒@AKai Le@g(Keller, Helen),@f1880-1968@4著
702  0 @a梦华@AMeng Hua@4译
801  2 @aCN@b上海新华@c20191020
905    @b1137729-32@dK837.125.6@e1114@f4
    
    假如给我三天光明/(美) 海伦·凯勒著/梦华译.-长春:吉林文史出版社,2018重印
    248页:图, 肖像;22cm.-(经典阅读)
    
    
    ISBN 978-7-5472-4214-8(精装):CNY45.00
    《假如给我三天光明》本书的前半部分主要写了海伦变成盲聋人后的生活,后半部分则介绍了海伦的求学生涯。同时也介绍她体会不同的丰富多彩的生活以及她的慈善活动等等。她以一个身残志坚的柔弱女子的视角,告诫身体健全的人们应珍惜生命,珍惜造物主赐予的一切。
●
相关链接 在E读中查询图书 在五车中查询图书 在当当中查询图书 在豆瓣中查询图书


正题名:假如给我三天光明     索取号:K837.125.6/1114         预约/预借

序号 登录号 条形码 馆藏地/架位号 状态 备注
1 1137729   211377295   第二样本阅览室/ [索取号:K837.125.6/1114] 在馆    
2 1137730   211377302   第二借阅区/ [索取号:K837.125.6/1114] 在馆    
3 1137731   211377311   第二借阅区/ [索取号:K837.125.6/1114] 在馆    
4 1137732   211377320   第二借阅区/ [索取号:K837.125.6/1114] 在馆    
唐山师范学院图书馆 欢迎您!
大连网信软件有限公司© 版权所有